000 00530nam a2200205 a 4500
005 20140412111234.0
008 000829s19uu xx 00 eng d
020 _a0-7496-0713-0
050 _aREF 030
_bFi44Fe 1992
100 _aAmos, Janine
245 _aFirst starts :
_cJanine Amos.
_bfeeding the world /
260 _aLondon :
_bWatts Books,
_c1992.
300 _a32 p.
440 _aFirst Starts
500 _aIncludes index
650 _aSciences
650 _aHabitats
650 _aConservation
999 _c102334
_d102334